| 000 | 00563cam a22002171 4500 | ||
|---|---|---|---|
| 001 | sa 66004733 | ||
| 003 | DLC | ||
| 005 | 20260227112244.0 | ||
| 008 | 890706s1964 ii 000 0 urdr | ||
| 010 | _asa 66004733 | ||
| 035 | _a(OCoLC)19969578 | ||
| 040 |
_aDLC _cWaU _dDLC |
||
| 042 | _apremarc | ||
| 050 | 0 | 0 |
_aBP189 _b.A95 |
| 100 | 1 |
_aAʻẓmī, ʻAbdulmuṣt̤afā, _d1912- |
|
| 245 | 1 | 0 | _aMaʻmūlāt al-abrār. |
| 260 |
_a[n. p. _c1964?] |
||
| 300 |
_a216 p. (p.215-216 advertisements) _c19 cm. |
||
| 500 | _aIn Urdu. | ||
| 650 | 0 |
_aMysticism _xIslam. |
|
| 999 |
_c69553 _d69553 |
||